000 01369cam a22004097a 4500
001 15109574
003 NUST
005 20220509125408.0
008 071212s2007 ii 000 0 urd
010 _a 2007375316
020 _a9781864760798
025 _aI-U-2007-375316; 11
037 _aLibrary of Congress -- New Delhi Overseas Office
_cRs600.00
038 _aArshad
040 _aDLC
_cDLC
_dDLC
041 1 _aurd
_ahin
_asan
_aper
_hper
042 _alcode
050 0 0 _aMLCMA 2008/00076 (P)
_aPK6511.A1
082 _a891.551
_bKHA
100 0 _aOmar Khayyam.
_991360
245 1 0 _aRubāʻīyāt-i ʻUmar K̲h̲ayyām :
_b in English verse /
_cOmar Khayyam; Hüseyin Daniş
260 _aAustralia :
_bAxiom,
_c2001.
300 _a73 p. ;
_c25 cm.
563 _aPBK
650 _aPersian poetry
_991361
650 _aManuscripts, Persian
_991362
700 1 _aRākesh, Mushtāq Aḥmad.
_991363
700 1 _aAroṛā, Dharmendar Nāth.
_991364
700 1 _aʻUs̲mānī, Abulfaiz̤.
_991365
700 0 2 _aOmar Khayyam.
_tRubāʻīyāt.
_991366
700 0 2 _aOmar Khayyam.
_tRubāʻīyāt.
_lHindi.
_991367
700 0 2 _aOmar Khayyam.
_tRubāʻīyāt.
_lSanskrit.
_991368
700 0 2 _aOmar Khayyam.
_tRubāʻīyāt.
_lUrdu.
_991369
906 _a7
_bibc
_corigode
_d4
_encip
_f20
_gy-gencatlg
942 _2ddc
_cBK
999 _c589519
_d589519